| 000 | 00380nam a2200145Ia 4500 | ||
|---|---|---|---|
| 008 | 130318s9999 xx 000 0 und d | ||
| 020 | _a8173668183 | ||
| 082 | _a005.133JM CAV/P | ||
| 100 | _aCavaness, Chuck | ||
| 245 | _aProgramming Jakarta Struts | ||
| 250 | _a2 | ||
| 260 |
_bOreilly/Shroff Publishers and Distributors _aMumbai _c2004 |
||
| 300 | _a450 | ||
| 650 | _aJAKARTA STRUTS | ||
| 999 |
_c875 _d875 |
||